000 00530nam a22001817a 4500
005 20251108164115.0
008 250721s9999 xx 000 0 ara d
082 1 4 _a646.36/زيل
100 1 _aالزيلع، خير الدين
245 1 0 _aقواعد تفصيل الخياطة للأطفال /
264 1 _aبيروت :
_bدار مكتبة الحياة،
300 _a259ص
650 1 7 _aالخياطة
650 1 7 _aتصميم الملابس
650 1 7 _aملابس الأطفال
942 _2ddc
_cBK
999 _c3780
_d3780